| 000 | 004200000a22001450004500 | ||
|---|---|---|---|
| 090 |
_aAR _b01115 |
||
| 245 | 1 | 0 | _aDiseases of reptiles Part II. Infectious diseases |
| 650 | 1 | 4 |
_aEnfermedades animales _993297 |
| 650 | 1 | 4 |
_aVeterinaria _993538 |
| 650 | 1 | 4 |
_aInfecciones _994355 |
| 041 | 0 | _aInglés | |
| 100 | 1 |
_aJacobson, Elliiot R. _994288 |
|
| 942 | _cARTICULO | ||
| 773 | 1 |
_tCompendium Collection _3409 _h3 _q130-134 _d1980? _g3 |
|
| 999 |
_c10201 _d10201 |
||